Pages choisies de Guizot / (Record no. 187674)

MARC details
000 -LEADER
campo de control de longitud fija 00950nam a2200241 i 4500
001 - NÚMERO DE CONTROL
campo de control 187674
003 - IDENTIFICADOR DE NÚMERO DE CONTROL
campo de control ES-MaACL
005 - FECHA Y HORA DE LA ÚLTIMA TRANSACCIÓN
campo de control 20251109132716.0
008 - DATOS DE LONGITUD FIJA--INFORMACIÓN GENERAL
campo de control de longitud fija 180112m19181914fr |||| |dfre d
080 ## - NÚMERO DE LA CLASIFICACIÓN DECIMAL UNIVERSAL
Número de la Clasificación Decimal Universal 821.133.1-31"19"
100 1# - ENTRADA PRINCIPAL--NOMBRE DE PERSONA
Nombre de persona Guizot, François,
Fechas asociadas al nombre 1787-1874
9 (RLIN) 127641
245 10 - MENCIÓN DEL TÍTULO
Título Pages choisies de Guizot /
Mención de responsabilidad, etc. Guizot ; publiées par Mme Guizot de Witt.
250 ## - MENCION DE EDICION
Mención de edición 2e éd.
260 ## - PUBLICACIÓN, DISTRIBUCIÓN, ETC.
Lugar de publicación, distribución, etc. Paris :
Nombre del editor, distribuidor, etc. Librairie académique Perrin et Cie.,
Fecha de publicación, distribución, etc. 1918.
300 ## - DESCRIPCIÓN FÍSICA
Extensión XVIII, 284 p. ;
Dimensiones 19 cm.
490 1# - MENCIÓN DE SERIE
Mención de serie Pages choisies des grands écrivains.
-- Lectures littéraires
594 ## - Nota al título y mención de responsabilidad
Nota al título y mención de responsabilidad Descripción basada en cub.
596 ## - NOTA AL PIE DE IMPRENTA
NOTA AL PIE DE IMPRENTA En port.: Librairie Armand Colin.
700 1# - ENTRADA AGREGADA--NOMBRE PERSONAL
Nombre de persona Witt, Henriette de,
Fechas asociadas al nombre 1829-1908
9 (RLIN) 164043
830 0# - PUNTO DE ACCESO ADICIONAL DE SERIE-TÍTULO UNIFORME
Título uniforme Pages choisies des grands écrivains.
-- Lectures littéraires
9 (RLIN) 225601
852 ## - LOCALIZACIÓN
Ubicación ES-MaACL
Número de control de estantería L-31845
Nota libre . - Donat. herederos de la bibl. de Mª del Pilar Costa Palacín
Holdings
Estatus retirado Estado de pérdida Estado de daño No para préstamo Biblioteca de origen Biblioteca actual Ubicación en estantería Fecha de adquisición Fuente de adquisición Total de préstamos Signatura topográfica completa Código de barras Visto por última vez Precio de reemplazo Tipo de ítem Koha
        Biblioteca del Ateneo de Madrid Biblioteca del Ateneo de Madrid Depósito 2 12/01/2018     L-31845 1198246 23/02/2023 23/02/2023 Libro impreso